All Chelsea Premier League Players Ever - Statistics

General Stats
  • This quiz has been taken 647 times
    582 since last reset
  • The average score is 409 of 834
Answer Stats
% Correct
2004/05 Cote D'Ivoire Didier Drogba 26
93%
2005/06 Cote D'Ivoire Didier Drogba 29
93%
2006/07 Cote D'Ivoire Didier Drogba 36
93%
2007/08 Cote D'Ivoire Didier Drogba 19
93%
2008/09 Cote D'Ivoire Didier Drogba 24
93%
2009/10 Cote D'Ivoire Didier Drogba 32
93%
2010/11 Cote D'Ivoire Didier Drogba 36
93%
2011/12 Cote D'Ivoire Didier Drogba 24
93%
2014/15 Cote D'Ivoire Didier Drogba 28
93%
2012/13 Belgium Eden Hazard 34
93%
2013/14 Belgium Eden Hazard 35
93%
2014/15 Belgium Eden Hazard 38
93%
2015/16 Belgium Eden Hazard 31
93%
2016/17 Belgium Eden Hazard 36
93%
2017/18 Belgium Eden Hazard 34
93%
2018/19 Belgium Eden Hazard 37
93%
2001/02 England Frank Lampard 37
93%
2002/03 England Frank Lampard 38
93%
2003/04 England Frank Lampard 38
93%
2004/05 England Frank Lampard 38
93%
2005/06 England Frank Lampard 35
93%
2006/07 England Frank Lampard 37
93%
2007/08 England Frank Lampard 24
93%
2008/09 England Frank Lampard 37
93%
2009/10 England Frank Lampard 36
93%
2010/11 England Frank Lampard 24
93%
2011/12 England Frank Lampard 30
93%
2012/13 England Frank Lampard 29
93%
2013/14 England Frank Lampard 26
93%
2004/05 Czech Republic Petr Cech 35
93%
2005/06 Czech Republic Petr Cech 34
93%
2006/07 Czech Republic Petr Cech 20
93%
2007/08 Czech Republic Petr Cech 26
93%
2008/09 Czech Republic Petr Cech 35
93%
2009/10 Czech Republic Petr Cech 34
93%
2010/11 Czech Republic Petr Cech 38
93%
2011/12 Czech Republic Petr Cech 34
93%
2012/13 Czech Republic Petr Cech 36
93%
2013/14 Czech Republic Petr Cech 34
93%
2014/15 Czech Republic Petr Cech 7
93%
1998/99 England John Terry 2
92%
1999/00 England John Terry 4
92%
2000/01 England John Terry 22
92%
2001/02 England John Terry 33
92%
2002/03 England John Terry 20
92%
2003/04 England John Terry 33
92%
2004/05 England John Terry 36
92%
2005/06 England John Terry 36
92%
2006/07 England John Terry 28
92%
2007/08 England John Terry 23
92%
2008/09 England John Terry 35
92%
2009/10 England John Terry 37
92%
2010/11 England John Terry 33
92%
2011/12 England John Terry 31
92%
2012/13 England John Terry 14
92%
2013/14 England John Terry 34
92%
2014/15 England John Terry 38
92%
2015/16 England John Terry 24
92%
2016/17 England John Terry 9
92%
2012/13 Senegal Demba Ba 14
90%
2013/14 Senegal Demba Ba 19
90%
2006/07 England Ashley Cole 23
87%
2007/08 England Ashley Cole 27
87%
2008/09 England Ashley Cole 34
87%
2009/10 England Ashley Cole 27
87%
2010/11 England Ashley Cole 38
87%
2011/12 England Ashley Cole 32
87%
2012/13 England Ashley Cole 31
87%
2013/14 England Ashley Cole 17
87%
2001/02 England Carlton Cole 3
86%
2002/03 England Carlton Cole 13
86%
2005/06 England Carlton Cole 9
86%
2003/04 England Joe Cole 35
86%
2004/05 England Joe Cole 28
86%
2005/06 England Joe Cole 34
86%
2006/07 England Joe Cole 13
86%
2007/08 England Joe Cole 33
86%
2008/09 England Joe Cole 14
86%
2009/10 England Joe Cole 26
86%
2012/13 Spain Cesar Azpilicueta 27
85%
2013/14 Spain Cesar Azpilicueta 29
85%
2014/15 Spain Cesar Azpilicueta 29
85%
2015/16 Spain Cesar Azpilicueta 37
85%
2016/17 Spain Cesar Azpilicueta 38
85%
2017/18 Spain Cesar Azpilicueta 37
85%
2018/19 Spain Cesar Azpilicueta 38
85%
2019/20 Spain Cesar Azpilicueta 36
85%
2020/21 Spain Cesar Azpilicueta 26
85%
2021/22 Spain Cesar Azpilicueta 27
85%
2022/23 Spain Cesar Azpilicueta 25
85%
2005/06 Ghana Michael Essien 31
84%
2006/07 Ghana Michael Essien 33
84%
2007/08 Ghana Michael Essien 27
84%
2008/09 Ghana Michael Essien 11
84%
2009/10 Ghana Michael Essien 14
84%
2010/11 Ghana Michael Essien 33
84%
2011/12 Ghana Michael Essien 14
84%
2013/14 Ghana Michael Essien 5
84%
2020/21 Brazil Thiago Silva 23
84%
2021/22 Brazil Thiago Silva 32
84%
2022/23 Brazil Thiago Silva 27
84%
2014/15 Belgium Thibaut Courtois 32
82%
2015/16 Belgium Thibaut Courtois 23
82%
2016/17 Belgium Thibaut Courtois 36
82%
2017/18 Belgium Thibaut Courtois 35
82%
2008/09 Serbia Branislav Ivanovic 16
81%
2009/10 Serbia Branislav Ivanovic 28
81%
2010/11 Serbia Branislav Ivanovic 34
81%
2011/12 Serbia Branislav Ivanovic 29
81%
2012/13 Serbia Branislav Ivanovic 34
81%
2013/14 Serbia Branislav Ivanovic 36
81%
2014/15 Serbia Branislav Ivanovic 38
81%
2015/16 Serbia Branislav Ivanovic 33
81%
2016/17 Serbia Branislav Ivanovic 13
81%
2019/20 United States Christian Pulisic 25
81%
2020/21 United States Christian Pulisic 27
81%
2021/22 United States Christian Pulisic 22
81%
2022/23 United States Christian Pulisic 24
81%
2020/21 Germany Kai Havertz 27
81%
2021/22 Germany Kai Havertz 29
81%
2022/23 Germany Kai Havertz 35
81%
2019/20 England Reece James 24
81%
2020/21 England Reece James 32
81%
2021/22 England Reece James 26
81%
2022/23 England Reece James 16
81%
2006/07 Nigeria John Obi Mikel 22
80%
2007/08 Nigeria John Obi Mikel 29
80%
2008/09 Nigeria John Obi Mikel 34
80%
2009/10 Nigeria John Obi Mikel 25
80%
2010/11 Nigeria John Obi Mikel 28
80%
2011/12 Nigeria John Obi Mikel 22
80%
2012/13 Nigeria John Obi Mikel 22
80%
2013/14 Nigeria John Obi Mikel 24
80%
2014/15 Nigeria John Obi Mikel 18
80%
2015/16 Nigeria John Obi Mikel 25
80%
2006/07 Germany Michael Ballack 26
80%
2007/08 Germany Michael Ballack 18
80%
2008/09 Germany Michael Ballack 29
80%
2009/10 Germany Michael Ballack 32
80%
2013/14 Egypt Mohamed Salah 10
80%
2014/15 Egypt Mohamed Salah 3
80%
2018/19 Italy Jorginho 37
79%
2019/20 Italy Jorginho 31
79%
2020/21 Italy Jorginho 28
79%
2021/22 Italy Jorginho 29
79%
2022/23 Italy Jorginho 18
79%
2011/12 Spain Juan Mata 34
79%
2012/13 Spain Juan Mata 35
79%
2013/14 Spain Juan Mata 13
79%
2009/10 Serbia Nemanja Matic 2
79%
2013/14 Serbia Nemanja Matic 17
79%
2014/15 Serbia Nemanja Matic 36
79%
2015/16 Serbia Nemanja Matic 33
79%
2016/17 Serbia Nemanja Matic 35
79%
2016/17 France N'Golo Kante 35
79%
2017/18 France N'Golo Kante 34
79%
2018/19 France N'Golo Kante 36
79%
2019/20 France N'Golo Kante 22
79%
2020/21 France N'Golo Kante 30
79%
2021/22 France N'Golo Kante 26
79%
2022/23 France N'Golo Kante 7
79%
2014/15 Spain Cesc Fabregas 34
78%
2015/16 Spain Cesc Fabregas 37
78%
2016/17 Spain Cesc Fabregas 29
78%
2017/18 Spain Cesc Fabregas 32
78%
2018/19 Spain Cesc Fabregas 6
78%
2010/11 Brazil David Luiz 12
78%
2011/12 Brazil David Luiz 20
78%
2012/13 Brazil David Luiz 30
78%
2013/14 Brazil David Luiz 19
78%
2016/17 Brazil David Luiz 33
78%
2017/18 Brazil David Luiz 10
78%
2018/19 Brazil David Luiz 36
78%
2014/15 Spain Diego Costa 26
78%
2015/16 Spain Diego Costa 28
78%
2016/17 Spain Diego Costa 35
78%
2018/19 Spain Kepa Arrizabalaga 36
78%
2019/20 Spain Kepa Arrizabalaga 33
78%
2020/21 Spain Kepa Arrizabalaga 7
78%
2021/22 Spain Kepa Arrizabalaga 4
78%
2022/23 Spain Kepa Arrizabalaga 29
78%
2018/19 Croatia Mateo Kovacic 32
78%
2019/20 Croatia Mateo Kovacic 31
78%
2020/21 Croatia Mateo Kovacic 27
78%
2021/22 Croatia Mateo Kovacic 25
78%
2022/23 Croatia Mateo Kovacic 27
78%
2013/14 Brazil Willian 25
78%
2014/15 Brazil Willian 36
78%
2015/16 Brazil Willian 35
78%
2016/17 Brazil Willian 34
78%
2017/18 Brazil Willian 36
78%
2018/19 Brazil Willian 32
78%
2019/20 Brazil Willian 36
78%
2010/11 Spain Fernando Torres 14
77%
2011/12 Spain Fernando Torres 32
77%
2012/13 Spain Fernando Torres 36
77%
2013/14 Spain Fernando Torres 28
77%
2019/20 England Mason Mount 37
77%
2020/21 England Mason Mount 36
77%
2021/22 England Mason Mount 32
77%
2022/23 England Mason Mount 24
77%
2007/08 France Nicolas Anelka 14
77%
2008/09 France Nicolas Anelka 37
77%
2009/10 France Nicolas Anelka 33
77%
2010/11 France Nicolas Anelka 32
77%
2011/12 France Nicolas Anelka 9
77%
2004/05 Portugal Ricardo Carvalho 25
77%
2005/06 Portugal Ricardo Carvalho 24
77%
2006/07 Portugal Ricardo Carvalho 31
77%
2007/08 Portugal Ricardo Carvalho 21
77%
2008/09 Portugal Ricardo Carvalho 12
77%
2009/10 Portugal Ricardo Carvalho 22
77%
2011/12 Belgium Romelu Lukaku 8
77%
2013/14 Belgium Romelu Lukaku 2
77%
2021/22 Belgium Romelu Lukaku 26
77%
2006/07 Ukraine Andriy Shevchenko 30
76%
2007/08 Ukraine Andriy Shevchenko 17
76%
2009/10 Ukraine Andriy Shevchenko 1
76%
2020/21 Senegal Edouard Mendy 31
75%
2021/22 Senegal Edouard Mendy 34
75%
2022/23 Senegal Edouard Mendy 10
75%
2011/12 England Gary Cahill 10
75%
2012/13 England Gary Cahill 26
75%
2013/14 England Gary Cahill 30
75%
2014/15 England Gary Cahill 36
75%
2015/16 England Gary Cahill 23
75%
2016/17 England Gary Cahill 37
75%
2017/18 England Gary Cahill 27
75%
2018/19 England Gary Cahill 2
75%
2013/14 Belgium Kevin De Bruyne 3
75%
2022/23 England Raheem Sterling 28
75%
2012/13 Brazil Oscar 34
74%
2013/14 Brazil Oscar 33
74%
2014/15 Brazil Oscar 28
74%
2015/16 Brazil Oscar 27
74%
2016/17 Brazil Oscar 9
74%
2017/18 Germany Antonio Rudiger 27
73%
2018/19 Germany Antonio Rudiger 33
73%
2019/20 Germany Antonio Rudiger 20
73%
2020/21 Germany Antonio Rudiger 19
73%
2021/22 Germany Antonio Rudiger 34
73%
1996/97 Italy Gianfranco Zola 23
73%
1997/98 Italy Gianfranco Zola 27
73%
1998/99 Italy Gianfranco Zola 37
73%
1999/00 Italy Gianfranco Zola 33
73%
2000/01 Italy Gianfranco Zola 36
73%
2001/02 Italy Gianfranco Zola 35
73%
2002/03 Italy Gianfranco Zola 38
73%
2016/17 Spain Marcos Alonso 31
73%
2017/18 Spain Marcos Alonso 33
73%
2018/19 Spain Marcos Alonso 31
73%
2019/20 Spain Marcos Alonso 18
73%
2020/21 Spain Marcos Alonso 13
73%
2021/22 Spain Marcos Alonso 28
73%
2020/21 England Ben Chilwell 27
72%
2021/22 England Ben Chilwell 7
72%
2022/23 England Ben Chilwell 23
72%
1992/93 England Joe Allon 3
72%
2020/21 Germany Timo Werner 35
72%
2021/22 Germany Timo Werner 21
72%
2010/11 Brazil Ramires 29
71%
2011/12 Brazil Ramires 30
71%
2012/13 Brazil Ramires 35
71%
2013/14 Brazil Ramires 30
71%
2014/15 Brazil Ramires 23
71%
2015/16 Brazil Ramires 12
71%
2006/07 Cote D'Ivoire Salomon Kalou 33
71%
2007/08 Cote D'Ivoire Salomon Kalou 30
71%
2008/09 Cote D'Ivoire Salomon Kalou 27
71%
2009/10 Cote D'Ivoire Salomon Kalou 23
71%
2010/11 Cote D'Ivoire Salomon Kalou 31
71%
2011/12 Cote D'Ivoire Salomon Kalou 12
71%
2004/05 Netherlands Arjen Robben 18
70%
2005/06 Netherlands Arjen Robben 28
70%
2006/07 Netherlands Arjen Robben 21
70%
2015/16 Spain Pedro 29
69%
2019/20 Spain Pedro 11
69%
2013/14 Cameroon Samuel Eto'o 21
69%
2014/15 Denmark Andreas Christensen 1
68%
2017/18 Denmark Andreas Christensen 27
68%
2018/19 Denmark Andreas Christensen 8
68%
2019/20 Denmark Andreas Christensen 21
68%
2020/21 Denmark Andreas Christensen 17
68%
2021/22 Denmark Andreas Christensen 19
68%
2003/04 France Claude Makelele 30
68%
2004/05 France Claude Makelele 36
68%
2005/06 France Claude Makelele 31
68%
2006/07 France Claude Makelele 29
68%
2007/08 France Claude Makelele 18
68%
2012/13 Nigeria Victor Moses 23
68%
2016/17 Nigeria Victor Moses 34
68%
2017/18 Nigeria Victor Moses 28
68%
2018/19 Nigeria Victor Moses 2
68%
2007/08 France Florent Malouda 21
67%
2008/09 France Florent Malouda 31
67%
2009/10 France Florent Malouda 33
67%
2010/11 France Florent Malouda 38
67%
2011/12 France Florent Malouda 26
67%
2020/21 Morocco Hakim Ziyech 23
67%
2021/22 Morocco Hakim Ziyech 23
67%
2022/23 Morocco Hakim Ziyech 18
67%
2022/23 Argentina Enzo Fernandez 18
66%
2016/17 Spain Pedro 35
66%
2017/18 Spain Pedro 31
66%
2018/19 Spain Pedro 31
66%
2008/09 Portugal Deco 24
65%
2009/10 Portugal Deco 19
65%
2000/01 Iceland Eidur Gudjohnsen 30
64%
2001/02 Iceland Eidur Gudjohnsen 32
64%
2002/03 Iceland Eidur Gudjohnsen 35
64%
2003/04 Iceland Eidur Gudjohnsen 26
64%
2004/05 Iceland Eidur Gudjohnsen 37
64%
2005/06 Iceland Eidur Gudjohnsen 26
64%
2022/23 Ukraine Mykhailo Mudryk 15
63%
2022/23 Gabon Pierre-Emerick Aubameyang 15
63%
2000/01 Netherlands Jimmy Floyd Hasselbaink 35
62%
2001/02 Netherlands Jimmy Floyd Hasselbaink 35
62%
2002/03 Netherlands Jimmy Floyd Hasselbaink 36
62%
2003/04 Netherlands Jimmy Floyd Hasselbaink 30
62%
2003/04 Argentina Hernan Crespo 19
61%
2005/06 Argentina Hernan Crespo 30
61%
2003/04 Ireland Damien Duff 23
60%
2004/05 Ireland Damien Duff 30
60%
2005/06 Ireland Damien Duff 28
60%
2015/16 England Tammy Abraham 2
60%
2019/20 England Tammy Abraham 34
60%
2020/21 England Tammy Abraham 22
60%
2008/09 Portugal Jose Bosingwa 34
59%
2009/10 Portugal Jose Bosingwa 8
59%
2010/11 Portugal Jose Bosingwa 20
59%
2011/12 Portugal Jose Bosingwa 27
59%
2022/23 Senegal Kalidou Koulibaly 23
59%
2013/14 Germany Andre Schurrle 30
58%
2014/15 Germany Andre Schurrle 14
58%
2017/18 Spain Alvaro Morata 31
57%
2018/19 Spain Alvaro Morata 16
57%
1998/99 France Marcel Desailly 31
57%
1999/00 France Marcel Desailly 23
57%
2000/01 France Marcel Desailly 34
57%
2001/02 France Marcel Desailly 24
57%
2002/03 France Marcel Desailly 31
57%
2003/04 France Marcel Desailly 15
57%
2001/02 France William Gallas 30
57%
2002/03 France William Gallas 38
57%
2003/04 France William Gallas 29
57%
2004/05 France William Gallas 28
57%
2005/06 France William Gallas 34
57%
2010/11 Israel Yossi Benayoun 7
57%
2011/12 Israel Yossi Benayoun 1
57%
2012/13 Israel Yossi Benayoun 6
57%
2022/23 England Conor Gallagher 35
56%
2017/18 France Olivier Giroud 13
56%
2018/19 France Olivier Giroud 27
56%
2019/20 France Olivier Giroud 18
56%
2020/21 France Olivier Giroud 17
56%
2004/05 Portugal Paulo Ferreira 29
56%
2005/06 Portugal Paulo Ferreira 21
56%
2006/07 Portugal Paulo Ferreira 24
56%
2007/08 Portugal Paulo Ferreira 18
56%
2008/09 Portugal Paulo Ferreira 7
56%
2009/10 Portugal Paulo Ferreira 13
56%
2010/11 Portugal Paulo Ferreira 21
56%
2011/12 Portugal Paulo Ferreira 6
56%
2012/13 Portugal Paulo Ferreira 2
56%
2014/15 England Ruben Loftus-Cheek 3
56%
2015/16 England Ruben Loftus-Cheek 13
56%
2016/17 England Ruben Loftus-Cheek 6
56%
2018/19 England Ruben Loftus-Cheek 24
56%
2019/20 England Ruben Loftus-Cheek 7
56%
2020/21 England Ruben Loftus-Cheek 1
56%
2021/22 England Ruben Loftus-Cheek 24
56%
2022/23 England Ruben Loftus-Cheek 25
56%
2011/12 Portugal Raul Meireles 28
53%
2012/13 Portugal Raul Meireles 3
53%
2007/08 Brazil Alex 28
52%
2008/09 Brazil Alex 24
52%
2009/10 Brazil Alex 16
52%
2010/11 Brazil Alex 15
52%
2011/12 Brazil Alex 3
52%
2022/23 Spain Marc Cucurella 24
52%
2016/17 England Nathaniel Chalobah 10
52%
2015/16 Colombia Radamel Falcao 10
52%
2021/22 England Trevoh Chalobah 20
52%
2022/23 England Trevoh Chalobah 25
52%
2009/10 England Daniel Sturridge 13
51%
2010/11 England Daniel Sturridge 13
51%
2011/12 England Daniel Sturridge 30
51%
2012/13 England Daniel Sturridge 7
51%
2019/20 Albania Armando Broja 1
50%
2022/23 Albania Armando Broja 12
50%
2017/18 England Callum Hudson-Odoi 2
49%
2018/19 England Callum Hudson-Odoi 10
49%
2019/20 England Callum Hudson-Odoi 22
49%
2020/21 England Callum Hudson-Odoi 23
49%
2021/22 England Callum Hudson-Odoi 15
49%
2014/15 Colombia Juan Cuadrado 12
49%
2015/16 Colombia Juan Cuadrado 1
49%
2014/15 France Kurt Zouma 15
49%
2015/16 France Kurt Zouma 23
49%
2016/17 France Kurt Zouma 9
49%
2019/20 France Kurt Zouma 28
49%
2020/21 France Kurt Zouma 24
49%
2022/23 Cote D'Ivoire David Datro Fofana 3
48%
1995/96 Netherlands Ruud Gullit 31
48%
1996/97 Netherlands Ruud Gullit 12
48%
1997/98 Netherlands Ruud Gullit 6
48%
2022/23 France Wesley Fofana 15
48%
2015/16 Ghana Abdul Rahman Baba 15
47%
2003/04 England Glen Johnson 19
47%
2004/05 England Glen Johnson 17
47%
2005/06 England Glen Johnson 4
47%
2007/08 England Glen Johnson 2
47%
2018/19 Argentina Gonzalo Higuain 14
47%
2003/04 Romania Adrian Mutu 25
46%
2004/05 Romania Adrian Mutu 2
46%
2015/16 Bosnia & Herzegovina Asmir Begovic 17
46%
2016/17 Bosnia & Herzegovina Asmir Begovic 2
46%
1999/00 Italy Carlo Cudicini 1
46%
2000/01 Italy Carlo Cudicini 24
46%
2001/02 Italy Carlo Cudicini 28
46%
2002/03 Italy Carlo Cudicini 36
46%
2003/04 Italy Carlo Cudicini 26
46%
2004/05 Italy Carlo Cudicini 3
46%
2005/06 Italy Carlo Cudicini 4
46%
2006/07 Italy Carlo Cudicini 8
46%
2007/08 Italy Carlo Cudicini 10
46%
2008/09 Italy Carlo Cudicini 2
46%
2014/15 Brazil Filipe Luis 15
46%
2017/18 England Ross Barkley 2
46%
2018/19 England Ross Barkley 27
46%
2019/20 England Ross Barkley 21
46%
2020/21 England Ross Barkley 2
46%
2021/22 England Ross Barkley 6
46%
2017/18 England Danny Drinkwater 12
45%
2016/17 Belgium Michy Batshuayi 20
45%
2017/18 Belgium Michy Batshuayi 12
45%
2019/20 Belgium Michy Batshuayi 16
45%
2017/18 Argentina Willy Caballero 3
45%
2018/19 Argentina Willy Caballero 2
45%
2019/20 Argentina Willy Caballero 5
45%
2020/21 Argentina Willy Caballero 1
45%
2003/04 Argentina Juan Sebastian Veron 7
44%
2003/04 England Wayne Bridge 33
44%
2004/05 England Wayne Bridge 15
44%
2006/07 England Wayne Bridge 22
44%
2007/08 England Wayne Bridge 11
44%
2008/09 England Wayne Bridge 6
44%
2017/18 Italy Davide Zappacosta 22
43%
2018/19 Italy Davide Zappacosta 4
43%
2017/18 Italy Emerson 5
43%
2018/19 Italy Emerson 10
43%
2019/20 Italy Emerson 15
43%
2001/02 France Emmanuel Petit 27
43%
2002/03 France Emmanuel Petit 24
43%
2003/04 France Emmanuel Petit 4
43%
2022/23 Portugal Joao Felix 16
43%
1997/98 Norway Tore Andre Flo 34
43%
1998/99 Norway Tore Andre Flo 30
43%
1999/00 Norway Tore Andre Flo 34
43%
2000/01 Norway Tore Andre Flo 14
43%
1992/93 England Dennis Wise 27
42%
1993/94 England Dennis Wise 35
42%
1994/95 England Dennis Wise 19
42%
1995/96 England Dennis Wise 35
42%
1996/97 England Dennis Wise 31
42%
1997/98 England Dennis Wise 26
42%
1998/99 England Dennis Wise 22
42%
1999/00 England Dennis Wise 30
42%
2000/01 England Dennis Wise 36
42%
2015/16 England Fikayo Tomori 1
42%
2019/20 England Fikayo Tomori 15
42%
2020/21 England Fikayo Tomori 1
42%
1996/97 Italy Gianluca Vialli 28
42%
1997/98 Italy Gianluca Vialli 21
42%
1998/99 Italy Gianluca Vialli 9
42%
2010/11 England Ryan Bertrand 1
42%
2011/12 England Ryan Bertrand 7
42%
2012/13 England Ryan Bertrand 19
42%
2013/14 England Ryan Bertrand 1
42%
2009/10 Russia Yuri Zhirkov 17
42%
2010/11 Russia Yuri Zhirkov 12
42%
2012/13 Netherlands Nathan Ake 3
41%
2013/14 Netherlands Nathan Ake 1
41%
2014/15 Netherlands Nathan Ake 1
41%
2016/17 Netherlands Nathan Ake 2
41%
2020/21 Italy Emerson 2
40%
2021/22 Italy Emerson 1
40%
1997/98 Uruguay Gustavo Poyet 14
40%
1998/99 Uruguay Gustavo Poyet 28
40%
1999/00 Uruguay Gustavo Poyet 33
40%
2000/01 Uruguay Gustavo Poyet 30
40%
2005/06 England Jimmy Smith 1
40%
2001/02 Germany Robert Huth 1
40%
2002/03 Germany Robert Huth 2
40%
2003/04 Germany Robert Huth 16
40%
2004/05 Germany Robert Huth 10
40%
2005/06 Germany Robert Huth 13
40%
1996/97 Italy Roberto Di Matteo 34
40%
1997/98 Italy Roberto Di Matteo 30
40%
1998/99 Italy Roberto Di Matteo 30
40%
1999/00 Italy Roberto Di Matteo 18
40%
2000/01 Italy Roberto Di Matteo 7
40%
2017/18 France Tiemoue Bakayoko 29
40%
2015/16 Burkina Faso Bertrand Traore 10
38%
2022/23 Switzerland Denis Zakaria 7
38%
2005/06 England Shaun Wright-Phillips 27
38%
2006/07 England Shaun Wright-Phillips 27
38%
2007/08 England Shaun Wright-Phillips 27
38%
2008/09 England Shaun Wright-Phillips 1
38%
2004/05 Portugal Tiago 34
38%
2019/20 Scotland Billy Gilmour 6
37%
2020/21 Scotland Billy Gilmour 5
37%
1992/93 Wales Vinnie Jones 7
37%
2022/23 France Benoit Badiashile 11
36%
1995/96 Wales Mark Hughes 31
35%
1996/97 Wales Mark Hughes 35
35%
1997/98 Wales Mark Hughes 29
35%
1996/97 England Paul Hughes 12
35%
1997/98 England Paul Hughes 9
35%
2007/08 Peru Claudio Pizarro 21
34%
1996/97 France Frank Leboeuf 26
34%
1997/98 France Frank Leboeuf 32
34%
1998/99 France Frank Leboeuf 33
34%
1999/00 France Frank Leboeuf 28
34%
2000/01 France Frank Leboeuf 25
34%
2014/15 France Loic Remy 19
34%
2015/16 France Loic Remy 13
34%
2022/23 England Noni Madueke 12
34%
1992/93 Wales Gareth Hall 37
33%
1993/94 Wales Gareth Hall 7
33%
1994/95 Wales Gareth Hall 6
33%
1995/96 Wales Gareth Hall 5
33%
2003/04 Cameroon Geremi 25
33%
2004/05 Cameroon Geremi 13
33%
2005/06 Cameroon Geremi 15
33%
2006/07 Cameroon Geremi 19
33%
2022/23 England Lewis Hall 9
33%
2012/13 Germany Marko Marin 6
33%
1997/98 Nigeria Celestine Babayaro 8
32%
1998/99 Nigeria Celestine Babayaro 28
32%
1999/00 Nigeria Celestine Babayaro 25
32%
2000/01 Nigeria Celestine Babayaro 24
32%
2001/02 Nigeria Celestine Babayaro 18
32%
2002/03 Nigeria Celestine Babayaro 19
32%
2003/04 Nigeria Celestine Babayaro 6
32%
2004/05 Nigeria Celestine Babayaro 4
32%
1999/00 Liberia George Weah 11
32%
2000/01 Denmark Jesper Gronkjaer 14
32%
2001/02 Denmark Jesper Gronkjaer 13
32%
2002/03 Denmark Jesper Gronkjaer 30
32%
2003/04 Denmark Jesper Gronkjaer 31
32%
2015/16 Brazil Kenedy 14
32%
2016/17 Brazil Kenedy 1
32%
2021/22 Brazil Kenedy 1
32%
2004/05 Serbia Mateja Kezman 25
32%
2015/16 Brazil Alexandre Pato 2
31%
1999/00 Netherlands Mario Melchiot 5
31%
2000/01 Netherlands Mario Melchiot 31
31%
2001/02 Netherlands Mario Melchiot 37
31%
2002/03 Netherlands Mario Melchiot 34
31%
2003/04 Netherlands Mario Melchiot 23
31%
1992/93 England Graeme Le Saux 14
30%
1997/98 England Graeme Le Saux 26
30%
1998/99 England Graeme Le Saux 31
30%
1999/00 England Graeme Le Saux 8
30%
2000/01 England Graeme Le Saux 20
30%
2001/02 England Graeme Le Saux 27
30%
2002/03 England Graeme Le Saux 28
30%
2006/07 Portugal Henrique Hilario 11
30%
2007/08 Portugal Henrique Hilario 3
30%
2008/09 Portugal Henrique Hilario 1
30%
2009/10 Portugal Henrique Hilario 3
30%
2011/12 Portugal Henrique Hilario 2
30%
2013/14 Netherlands Marco van Ginkel 2
30%
2008/09 Argentina Franco Di Santo 8
29%
2012/13 Brazil Lucas Piazon 1
29%
2013/14 Australia Mark Schwarzer 4
29%
2001/02 Netherlands Boudewijn Zenden 22
28%
2002/03 Netherlands Boudewijn Zenden 21
28%
1999/00 France Didier Deschamps 27
28%
2017/18 Wales Ethan Ampadu 1
28%
1992/93 Jamaica Frank Sinclair 32
28%
1993/94 Jamaica Frank Sinclair 35
28%
1994/95 Jamaica Frank Sinclair 35
28%
1995/96 Jamaica Frank Sinclair 13
28%
1996/97 Jamaica Frank Sinclair 20
28%
1997/98 Jamaica Frank Sinclair 22
28%
2007/08 Brazil Juliano Belletti 23
28%
2008/09 Brazil Juliano Belletti 20
28%
2009/10 Brazil Juliano Belletti 11
28%
2006/07 England Scott Sinclair 2
28%
2007/08 England Scott Sinclair 1
28%
2008/09 England Scott Sinclair 2
28%
1998/99 Spain Albert Ferrer 30
27%
1999/00 Spain Albert Ferrer 25
27%
2000/01 Spain Albert Ferrer 14
27%
2001/02 Spain Albert Ferrer 4
27%
2002/03 Spain Albert Ferrer 3
27%
2005/06 Spain Asier Del Horno 25
27%
1995/96 Romania Dan Petrescu 24
27%
1996/97 Romania Dan Petrescu 34
27%
1997/98 Romania Dan Petrescu 31
27%
1998/99 Romania Dan Petrescu 32
27%
1999/00 Romania Dan Petrescu 29
27%
1997/98 Netherlands Ed de Goey 28
27%
1998/99 Netherlands Ed de Goey 35
27%
1999/00 Netherlands Ed de Goey 37
27%
2000/01 Netherlands Ed de Goey 15
27%
2001/02 Netherlands Ed de Goey 6
27%
2002/03 Netherlands Ed de Goey 2
27%
2011/12 Spain Oriol Romeu 16
27%
2012/13 Spain Oriol Romeu 6
27%
2008/09 Portugal Ricardo Quaresma 4
27%
2021/22 Spain Saul Niguez 10
27%
1992/93 Scotland Steve Clarke 20
27%
1993/94 Scotland Steve Clarke 39
27%
1994/95 Scotland Steve Clarke 29
27%
1995/96 Scotland Steve Clarke 22
27%
1996/97 Scotland Steve Clarke 31
27%
1997/98 Scotland Steve Clarke 26
27%
1996/97 England Paul Parker 4
26%
2003/04 England Scott Parker 11
26%
2004/05 England Scott Parker 4
26%
1995/96 England Jody Morris 1
25%
1996/97 England Jody Morris 12
25%
1997/98 England Jody Morris 12
25%
1998/99 England Jody Morris 18
25%
1999/00 England Jody Morris 30
25%
2000/01 England Jody Morris 21
25%
2001/02 England Jody Morris 5
25%
2002/03 England Jody Morris 25
25%
2005/06 France Lassana Diarra 3
25%
2006/07 France Lassana Diarra 10
25%
2022/23 Jamaica Omari Hutchinson 1
25%
2006/07 England Sam Hutchinson 1
25%
2009/10 England Sam Hutchinson 2
25%
2011/12 England Sam Hutchinson 2
25%
2007/08 Israel Tal Ben Haim 13
25%
1998/99 Denmark Brian Laudrup 7
24%
2000/01 Croatia Mario Stanic 12
24%
2001/02 Croatia Mario Stanic 27
24%
2002/03 Croatia Mario Stanic 18
24%
2003/04 Croatia Mario Stanic 2
24%
2017/18 Belgium Charly Musonda 3
23%
2021/22 France Malang Sarr 8
23%
2009/10 Netherlands Patrick van Aanholt 2
23%
2013/14 Czech Republic Tomas Kalas 2
23%
2022/23 England Carney Chukwuemeka 14
22%
2009/10 DR Congo Gael Kakuta 1
22%
2010/11 DR Congo Gael Kakuta 5
22%
2017/18 Cote D'Ivoire Jeremie Boga 1
22%
2005/06 Portugal Maniche 8
22%
1998/99 Finland Mikael Forssell 10
22%
2001/02 Finland Mikael Forssell 22
22%
2004/05 Finland Mikael Forssell 1
22%
2014/15 England Isaiah Brown 1
21%
2009/10 England Ross Turnbull 2
21%
2011/12 England Ross Turnbull 2
21%
2012/13 England Ross Turnbull 3
21%
2004/05 Russia Alexei Smertin 16
19%
1992/93 England David Lee 25
19%
1993/94 England David Lee 7
19%
1994/95 England David Lee 14
19%
1995/96 England David Lee 31
19%
1996/97 England David Lee 1
19%
1997/98 England David Lee 1
19%
2006/07 Netherlands Khalid Boulahrouz 13
19%
2015/16 United States Matt Miazga 2
19%
1992/93 Ireland Andy Townsend 41
18%
2001/02 Australia Mark Bosnich 5
18%
2016/17 Nigeria Ola Aina 3
18%
1999/00 Italy Samuele Dalla Bona 2
18%
2000/01 Italy Samuele Dalla Bona 29
18%
2001/02 Italy Samuele Dalla Bona 24
18%
2019/20 Ghana Tariq Lamptey 1
18%
1992/93 England Eddie Newton 34
17%
1993/94 England Eddie Newton 36
17%
1994/95 England Eddie Newton 30
17%
1995/96 England Eddie Newton 24
17%
1996/97 England Eddie Newton 15
17%
1997/98 England Eddie Newton 18
17%
1998/99 England Eddie Newton 7
17%
1999/00 England Chris Sutton 28
16%
1992/93 Russia Dmitri Kharin 5
16%
1993/94 Russia Dmitri Kharin 40
16%
1994/95 Russia Dmitri Kharin 31
16%
1995/96 Russia Dmitri Kharin 26
16%
1996/97 Russia Dmitri Kharin 5
16%
1997/98 Russia Dmitri Kharin 10
16%
1998/99 Russia Dmitri Kharin 1
16%
1993/94 England Glenn Hoddle 19
16%
1994/95 England Glenn Hoddle 12
16%
1993/94 England Michael Duberry 1
16%
1995/96 England Michael Duberry 22
16%
1996/97 England Michael Duberry 15
16%
1997/98 England Michael Duberry 23
16%
1998/99 England Michael Duberry 25
16%
2000/01 Netherlands Winston Bogarde 9
16%
2009/10 Italy Fabio Borini 4
15%
1992/93 England Graham Stuart 39
15%
2009/10 Netherlands Jeffrey Bruma 2
15%
2010/11 Netherlands Jeffrey Bruma 2
15%
2004/05 Czech Republic Jiri Jarosik 14
15%
1992/93 Scotland John Spencer 23
15%
1993/94 Scotland John Spencer 19
15%
1994/95 Scotland John Spencer 29
15%
1995/96 Scotland John Spencer 28
15%
1996/97 Scotland John Spencer 4
15%
2010/11 England Josh McEachran 9
15%
2011/12 England Josh McEachran 2
15%
2006/07 Israel Ben Sahar 3
14%
1992/93 Scotland Craig Burley 3
14%
1993/94 Scotland Craig Burley 23
14%
1994/95 Scotland Craig Burley 25
14%
1995/96 Scotland Craig Burley 22
14%
1996/97 Scotland Craig Burley 31
14%
1992/93 Norway Erland Johnsen 13
14%
1993/94 Norway Erland Johnsen 28
14%
1994/95 Norway Erland Johnsen 33
14%
1995/96 Norway Erland Johnsen 22
14%
1996/97 Norway Erland Johnsen 18
14%
1993/94 England Mark Stein 18
14%
1994/95 England Mark Stein 24
14%
1995/96 England Mark Stein 8
14%
2007/08 England Steve Sidwell 15
14%
1992/93 Northern Ireland Mal Donaghy 40
13%
1993/94 Northern Ireland Mal Donaghy 28
13%
2000/01 Italy Christian Panucci 8
12%
1992/93 England Dave Beasant 17
12%
1993/94 England Gavin Peacock 37
12%
1994/95 England Gavin Peacock 38
12%
1995/96 England Gavin Peacock 28
12%
1997/98 England Jon Harley 3
12%
1999/00 England Jon Harley 17
12%
2000/01 England Jon Harley 10
12%
2008/09 Seychelles Michael Mancienne 4
12%
2008/09 Slovakia Miroslav Stoch 4
12%
1992/93 England Nigel Spackman 6
12%
1993/94 England Nigel Spackman 9
12%
1994/95 England Nigel Spackman 36
12%
1995/96 England Nigel Spackman 16
12%
1992/93 Scotland Robert Fleck 31
12%
1993/94 Scotland Robert Fleck 9
12%
1994/95 England Scott Minto 19
12%
1995/96 England Scott Minto 10
12%
1996/97 England Scott Minto 25
12%
2000/01 Serbia Slavisa Jokanovic 19
12%
2001/02 Serbia Slavisa Jokanovic 20
12%
1992/93 England Andy Myers 3
11%
1993/94 England Andy Myers 6
11%
1994/95 England Andy Myers 10
11%
1995/96 England Andy Myers 20
11%
1996/97 England Andy Myers 18
11%
1997/98 England Andy Myers 12
11%
1998/99 England Andy Myers 1
11%
2015/16 England Jake Clarke-Salter 1
11%
1998/99 Italy Pierluigi Casiraghi 10
11%
1992/93 Ireland Tony Cascarino 9
11%
1993/94 Ireland Tony Cascarino 20
11%
2003/04 Cyprus Alexis Nicolas 2
10%
1998/99 Denmark Bjarne Goldbaek 23
10%
1999/00 Denmark Bjarne Goldbaek 6
10%
2002/03 Spain Enrique De Lucas 25
10%
2019/20 England Faustino Anjorin 1
10%
1996/97 Norway Frode Grodas 21
10%
1992/93 England Kevin Hitchcock 20
10%
1993/94 England Kevin Hitchcock 2
10%
1994/95 England Kevin Hitchcock 12
10%
1995/96 England Kevin Hitchcock 12
10%
1996/97 England Kevin Hitchcock 12
10%
1998/99 England Kevin Hitchcock 3
10%
2004/05 England Lenny Pidgeley 1
10%
2005/06 England Lenny Pidgeley 1
10%
2003/04 Italy Marco Ambrosio 8
10%
1992/93 England Mick Harford 28
10%
1994/95 England Paul Furlong 36
10%
1995/96 England Paul Furlong 28
10%
1999/00 Brazil Emerson Thome 20
9%
2000/01 Brazil Emerson Thome 1
9%
1999/00 Denmark Jes Hogh 9
9%
2008/09 Brazil Mineiro 1
9%
2003/04 Scotland Neil Sullivan 4
9%
2004/05 Portugal Nuno Morais 2
9%
2006/07 Portugal Nuno Morais 2
9%
1993/94 Scotland Andy Dow 14
8%
1995/96 Scotland Andy Dow 1
8%
2004/05 Jamaica Anthony Grant 1
8%
1997/98 France Bernard Lambourde 7
8%
1998/99 France Bernard Lambourde 17
8%
1999/00 France Bernard Lambourde 15
8%
2000/01 France Bernard Lambourde 1
8%
2002/03 Portugal Filipe Oliveira 3
8%
2003/04 Portugal Filipe Oliveira 1
8%
2004/05 Portugal Filipe Oliveira 1
8%
1999/00 Italy Gabriele Ambrosetti 16
8%
1994/95 England Graham Rix 1
8%
1992/93 England Ian Pearce 1
8%
1993/94 Denmark Jakob Kjeldbjerg 29
8%
1994/95 Denmark Jakob Kjeldbjerg 23
8%
1992/93 England Neil Shipperley 3
8%
1993/94 England Neil Shipperley 24
8%
1994/95 England Neil Shipperley 10
8%
1992/93 England Paul Elliott 7
8%
2000/01 Georgia Rati Aleksidze 2
8%
1992/93 England Anthony Barness 2
7%
1994/95 England Anthony Barness 12
7%
1996/97 England Danny Granville 5
7%
1997/98 England Danny Granville 13
7%
1992/93 Scotland David Hopkin 4
7%
1993/94 Scotland David Hopkin 21
7%
1994/95 Scotland David Hopkin 15
7%
1994/95 England David Rocastle 28
7%
1995/96 England David Rocastle 1
7%
1996/97 England Mark Nicholls 8
7%
1997/98 England Mark Nicholls 19
7%
1998/99 England Mark Nicholls 9
7%
2004/05 Scotland Steven Watt 1
7%
1996/97 Canada Craig Forrest 3
6%
1992/93 Wales Darren Barnard 13
6%
1993/94 Wales Darren Barnard 12
6%
1996/97 England Neil Clement 1
6%
1995/96 Ireland Terry Phelan 12
6%
1996/97 Ireland Terry Phelan 3
6%
2001/02 England Joe Keenan 1
5%
2002/03 England Joe Keenan 1
5%
2013/14 England John Swift 1
5%
1997/98 France Laurent Charvet 11
5%
1996/97 Ireland Nick Colgan 1
5%
1997/98 England Nick Crittenden 2
5%
1999/00 England Robert Wolleaston 1
5%
1992/93 England Damien Matthew 4
4%
1996/97 England Joe Sheerin 1
4%
1992/93 England Steve Livingstone 1
4%
1992/93 Ireland Gerry Peyton 1
3%
No matching quizzes found
Score Distribution
Percent of People with Each Score
Percentile by Number Answered
Your Score History
You have not taken this quiz since the last reset